000 00651nam a2200253Ia 4500
003 OSt
005 20220912151346.0
006 a|||||r|||| 00| 0
007 ta
008 220909b |||||||| |||| 00| 0 eng d
024 _a32844
037 _cTextual
040 _aCSL
_beng
_cCSL
041 _aeng
082 _aU28, L6
100 _aBarrett E C
245 0 _aIntroduction to environmental remote sensing
260 _aLondon
_bChapman and Hall
_c1976
300 _aix, 336p.
_ccm.
650 _aMeteorology
700 _a Curtis L F
942 _hU28, L6
_cTEXL
_2CC
999 _c66956
_d66956